Weak exports (Record no. 118314)

MARC details
000 -LEADER
fixed length control field 01113cam a2200205 4500
001 - CONTROL NUMBER
control field WB@3612-261
008 - FIXED-LENGTH DATA ELEMENTS--GENERAL INFORMATION
fixed length control field 041116n2004 000 0 eng u
035 ## - SYSTEM CONTROL NUMBER
System control number (Sirsi) u128004
245 ## - TITLE STATEMENT
Title Weak exports
260 ## - PUBLICATION, DISTRIBUTION, ETC.
Date of publication, distribution, etc. 2004
490 ## - SERIES STATEMENT
Series statement CBI News Release
Volume/sequential designation 12 November 2004 (3)
520 ## - SUMMARY, ETC.
Summary, etc. The results of the CBI/Experian "Regional trends survey", taken from the "Quarterly industrial trends survey" shows that manufacturers saw output growth subdued across the UK in the three months to October 2004 as exports were hit by weak international demand. The three regions that were hardest hit were Northern Ireland, West Midlands and the northeast of England. Business optimism also fell in most regions as did export orders. However employment is showing tentative signs of improvement after three poor years. http://www.cbi.org.uk/ndbs/press.nsf/0363c1f07c6ca 12a8025671c00381cc7/128867be2da7300e80256f46005b8d 8a?OpenDocument
590 ## - LOCAL NOTE (RLIN)
Local note WB
590 ## - LOCAL NOTE (RLIN)
Local note WB
650 ## - SUBJECT ADDED ENTRY--TOPICAL TERM
Topical term or geographic name entry element EXPORT ORDERS
650 ## - SUBJECT ADDED ENTRY--TOPICAL TERM
Topical term or geographic name entry element INDUSTRIAL TRENDS
650 ## - SUBJECT ADDED ENTRY--TOPICAL TERM
Topical term or geographic name entry element MANUFACTURING OUTPUT
690 ## - LOCAL SUBJECT ADDED ENTRY--TOPICAL TERM (OCLC, RLIN)
Topical term or geographic name as entry element ECONOMIC ISSUES
942 ## - ADDED ENTRY ELEMENTS (KOHA)
Suppress in OPAC 0
Holdings
Withdrawn status Lost status Source of classification or shelving scheme Damaged status Not for loan Home library Current library Shelving location Date acquired Total Checkouts Full call number Barcode Date last seen Copy number Price effective from Koha item type
    Dewey Decimal Classification     London London News article 16/11/2004   WB4044-05 128004-1001 06/08/2019 1 06/08/2019 News article